| 000 | 00688nam a2200241Ia 4500 | ||
|---|---|---|---|
| 003 | GCL | ||
| 008 | 140319s9999 xx 000 0 ara d | ||
| 040 |
_aGCL / _cGCL |
||
| 082 | 0 | 4 |
_a332.6 _bف ت |
| 100 | 1 | _aفاين، غايل | |
| 245 | 1 | 0 |
_aتوظيف الاموال / _cفاين، غايل |
| 700 | 1 | _aكامل مجيد سعادة | |
| 260 |
_a[S.N] : _bمنشورات عويدان ، _c1985 |
||
| 300 | _a142 ص | ||
| 490 |
_aزدنى علما _v0 |
||
| 650 | 0 | 4 | _aالاقتصاد |
| 650 | 0 | 4 | _aالاستثمار |
| 650 | 0 | 4 | _aالقروض |
| 650 | 0 | 4 | _aالمضاربة |
| 650 | 0 | 4 | _aراس المال |
| 650 | 0 | 4 | _aالارباح والفوائد |
| 942 |
_2ddc _cBK |
||
| 999 |
_c36133 _d36133 |
||